Bilecik Bilecik Bilecik Bilecik Bilecik

Science, technology and society international symposium = (Record no. 17426)

MARC details
000 -BAŞLIK
Sabit Uzunluktaki Kontrol Alanı 01474nam a22004097a 4500
001 - KONTROL NUMARASI
Control Dosyası 0017469
003 - KONTROL NUMARASI KİMLİĞİ
Kontrol Alanı KOHA_MİRAKIL
005 - EN SON İŞLEM TARİHİ ve ZAMANI
Kontrol Alanı 20260207002140.0
007 - FİZİKSEL TANIM SABİT ALAN - GENEL BİLGİ
Sabit uzunluklu kontrol alanı ta
008 - SABİT UZUNLUKTAKİ VERİ ÖGELERİ - GENEL BİLGİ
Sabit Alan 100521b1999 tu |||gro|||#1|||0|eng |
020 ## - ISBN - ULUSLARARASI STANDART KİTAP NUMARASI
Isbn 9755611614
Kullanılabilirlik koşulları 0,01
040 ## - KATALOGLAMA KAYNAĞI
Özgün Kataloglama Kurumu TR-BiSEU
Kataloglama Dili tur
Çeviri Kurumu TR-BiSEU
Açıklama Kuralları rda
041 0# - DİL KODU
Metin ya da ses kaydının dil kodu eng
044 ## - YAYINLAYAN/ÜRETEN KURULUŞUN ÜLKE KODU
ISO country code tu
050 ## - SINIFLAMA ve YER NUMARASI
Sınıflama Numarası T6.T45
Yer Numarası S35 1999
111 2# - TOPLANTI ADI
Toplantı Adı Science, Technology and Society International Symposium (1999: İstanbul)
9 (RLIN) 40559
240 10 - TEK BİÇİM BAŞLIK
Tekbiçim Başlık <a href="Uluslararası bilim, teknoloji ve toplum sempozyumu">Uluslararası bilim, teknoloji ve toplum sempozyumu</a>
Language of a work İngilizce
245 1# - ESER ADI BİLDİRİMİ
Başlık Science, technology and society international symposium =
Alt Eseradı vb. Uluslararası bilim, teknoloji ve toplum sempozyumu/
Sorumluluk Bildirimi editörler Hacer Ansal, Deniz Çalışır.
264 #1 - ÜRERİM, YAYIN, DAĞITIM ve TELİF BİLDİRİMİ
Yayın yeri İstanbul :
Yayınlayan Istanbul Technical University
Yayın tarihi 1999
300 ## - FİZİKSEL TANIMLAMA
Sayfa, Cilt vb. XIII, 220 sayfa: resimli; 27 cm.
336 ## - İÇERİK TÜRÜ
Content type term metin
Content type code txt
Source rdacontent
337 ## - MEDYA TÜRÜ
Media type term aracısız
Media type code n
Source rdamedia
338 ## - TAŞIYICI TÜRÜ
Carrier type term cilt
Carrier type code nc
Source rdacarrier
490 1# - DİZİ BİLDİRİMİ
Dizi Bildirimi Institute of Social Science Publication ;
Cilt Numarası no.
490 1# - DİZİ BİLDİRİMİ
Dizi Bildirimi 1
500 ## - GENEL NOT
Genel Not Eser çift dillidir (İngilizce-Türkçe).
650 #0 - KONU BAŞLIĞI EK GİRİŞ - KONU TERİMİ
Konusal terim veya coğrafi ad Teknoloji--Kongreler.
9 (RLIN) 40560
650 #0 - KONU BAŞLIĞI EK GİRİŞ - KONU TERİMİ
Konusal terim veya coğrafi ad Bilim--Kongreler.
9 (RLIN) 40561
650 #0 - KONU BAŞLIĞI EK GİRİŞ - KONU TERİMİ
Konusal terim veya coğrafi ad Toplum--Kongreler
9 (RLIN) 40562
650 #0 - KONU BAŞLIĞI EK GİRİŞ - KONU TERİMİ
Konusal terim veya coğrafi ad Technology--Congresses.
9 (RLIN) 32830
650 #0 - KONU BAŞLIĞI EK GİRİŞ - KONU TERİMİ
Konusal terim veya coğrafi ad Science--Congresses.
9 (RLIN) 40563
650 #0 - KONU BAŞLIĞI EK GİRİŞ - KONU TERİMİ
Konusal terim veya coğrafi ad Society--Congresses.
9 (RLIN) 40564
830 1# - SERİ EK GİRİŞİ - TEKBİÇİM ESER ADI
Tekbiçim Başlık Institute of Social Science Publication ;
Volume number/sequential designation no.
9 (RLIN) 40565
830 1# - SERİ EK GİRİŞİ - TEKBİÇİM ESER ADI
Tekbiçim Başlık 1
9 (RLIN) 2570
907 ## - LOCAL DATA ELEMENT G, LDG (RLIN)
a Sempozyum
942 ## - EK GİRİŞ ÖGELERİ (KOHA)
Source of classification or shelving scheme Library of Congress Classification
Koha item type Book
Holdings
Materyal Türü Kalıcı Konum Mevcut Konum Raf Yeri Sınıflandırma Kaynağı Edinim Bilgisi Ana Konular Alt Konular Yer Numarası Demirbaş Numarası Fatura Tarihi Geri Çekilme Durumu Kayıp Durumu Hasarlı Durumu Kredi için değil Kayıt Tarih Toplam Ödünçverme Son Görülme Tarihi Son Kontrol Tarihi Genel / Bağış Notu
Book Prof. Dr. Azmi Özcan Kütüphanesi Prof. Dr. Azmi Özcan Kütüphanesi Birûni Salonu Library of Congress Classification Bağış TEKNOLOJİ Teknoloji (Genel) T6.T45 S35 1999 0017469 13/08/2010         21/05/2010   05/12/2024 05/12/2024 İİBF